Assessing moisture in building materials (Record no. 103916)

MARC details
000 -LEADER
fixed length control field 01017cam a2200241 4500
008 - FIXED-LENGTH DATA ELEMENTS--GENERAL INFORMATION
fixed length control field 050106n2002 000 0 eng u
020 ## - INTERNATIONAL STANDARD BOOK NUMBER
International Standard Book Number 1860815766
035 ## - SYSTEM CONTROL NUMBER
System control number (Sirsi) u128461
041 ## - LANGUAGE CODE
Language code of text/sound track or separate title eng.
050 ## - LIBRARY OF CONGRESS CALL NUMBER
Classification number 691
-- 18
100 ## - MAIN ENTRY--PERSONAL NAME
Personal name Stirling, C.
245 ## - TITLE STATEMENT
Title Assessing moisture in building materials
Remainder of title part 3 - interpreting moisture data
260 ## - PUBLICATION, DISTRIBUTION, ETC.
Place of publication, distribution, etc. Watford
Name of publisher, distributor, etc. BRE
Date of publication, distribution, etc. 2002
300 ## - PHYSICAL DESCRIPTION
Extent 6p.
Dimensions 30cm.
490 ## - SERIES STATEMENT
Series statement BRE Good Repair Guide
Volume/sequential designation 33 Part 3
520 ## - SUMMARY, ETC.
Summary, etc. Provides building professionals with examples of analytical techniques which could be used to supplement visual information in the identification of moisture problems. The number of techniques is large so only a limited number can be reviewed. Part three gives advice on how to interpret the data from moisture and environmental data.
650 ## - SUBJECT ADDED ENTRY--TOPICAL TERM
Topical term or geographic name entry element BUILT ENVIRONMENT-BUILDING MATERIALS
650 ## - SUBJECT ADDED ENTRY--TOPICAL TERM
Topical term or geographic name entry element DAMP
650 ## - SUBJECT ADDED ENTRY--TOPICAL TERM
Topical term or geographic name entry element MOISTURE
690 ## - LOCAL SUBJECT ADDED ENTRY--TOPICAL TERM (OCLC, RLIN)
Topical term or geographic name as entry element BUILT ENVIRONMENT-BUILDING MATERIALS
710 ## - ADDED ENTRY--CORPORATE NAME
Corporate name or jurisdiction name as entry element Building Research Establishment
942 ## - ADDED ENTRY ELEMENTS (KOHA)
Suppress in OPAC 0
Holdings
Withdrawn status Lost status Source of classification or shelving scheme Damaged status Not for loan Home library Current library Shelving location Date acquired Total Checkouts Full call number Barcode Date last seen Date last checked out Copy number Price effective from Koha item type
    Dewey Decimal Classification     London London BRE publications 06/01/2005 3 ENQUIRY DESK 30069795 06/08/2019 01/11/2006 1 06/08/2019 Book